| 000 | 02377nam a2200325 i 4500 | ||
|---|---|---|---|
| 001 | 000033093 | ||
| 003 | DO-SdBNP | ||
| 005 | 20250207122312.0 | ||
| 007 | ta | ||
| 008 | 110817s1981 dr a 000 j spa d | ||
| 040 |
_aDO-SdBNP _bspa _cBNPHU _erda |
||
| 041 | _aspa | ||
| 082 | 4 |
_aRD863.44 _bD542d _222 |
|
| 100 | 1 |
_aDíaz Grullón, Virgilio, _d1924-2001 _eautor _4aut. _9501 |
|
| 245 | 1 | 0 |
_aDe niños hombres y fantasmas / _cVirgilio Díaz Grullón ; ilustración, Gilberto Hernández Ortega. |
| 264 | 1 |
_aSanto Domingo : _b[editor no identificado], _c1981. |
|
| 300 |
_a381 páginas : _bilustraciones ; _c21 cm. |
||
| 336 |
_ardacontent _btexto _2txt |
||
| 337 |
_ardamedia _bsin mediación _2n |
||
| 338 |
_ardacarrier _bvolumen _2nc |
||
| 490 | 0 |
_aMontesinos ; _v2 |
|
| 505 | 0 |
_gPresentación a la primera edición -- _tA manera de prólogo -- _tDe niños-- _tEl pozo sin fondo -- _tSu amigo Arcadio -- _tPesadilla -- _tEl pequeño culpable -- _tLa campana rota -- _tEl aprendiz de brujo -- _tLa enemiga -- _tMatar un ratón -- _tPunto de vista - _tMatum -- _gHombres -- _tCaín -- _tJornada completa -- _tEdipo -- _tLa puntualidad del señor Martínez -- _tPropiedad privada -- _tLa rebelión -- _tVecindad -- _tFiebre -- _tEl corcho sobre el río -- _tDos pesos para Cirilo -- _tUn epitafio para don Justo -- _tA través del muro -- _tCrónica policial -- _tPas de deux -- _tEstampa folklórica -- _tLegaslismo -- _tEl sedicioso -- _tEl uno y el otro -- _tBiografía de un suicidia -- _tLa única verídica versión de la muerte de Jhonny Watson relatada por él mismo -- _tCatatónico -- _gY fastamas -- _tCírculo -- _tSu amigo Arcadio -- _tLa resignada inmortalidad de don Cástulo -- _tLa resignada inmortalidad de Don Cástulo -- _tMás allá del espejo -- _tDoble personalidad -- _tÍcaro -- _tEl diario inconcluso -- _tVertiginoso tiempo -- _tLa verdadera pesadilla -- _tLa mutación -- _tViaje al microcosmo -- _tLa trampa -- _tEl cuento sin título -- _tFalso embarazo -- _tLa pareja -- _tLa broma póstuma -- _tLa invasión -- _tEl maleficio -- _gLos algarrobos también sueñan -- _tLos algarrobos también sueñan. |
|
| 590 | _aInventariado, 2020 /LP | ||
| 650 | 4 |
_aCuentos dominicanos _9176 |
|
| 650 | 4 |
_aLiteratura dominicana. _967 |
|
| 700 | 1 |
_aHernández Ortega, Gilberto, _eilustraciones _4il. _911311 |
|
| 830 | 0 |
_aMontesinos _v2 _922896 |
|
| 910 | _aValidado. Control de calidad BNPHU | ||
| 942 |
_2ddc _cLBS1 |
||
| 999 |
_c32584 _d32584 |
||